Formule 1 - De la Formule 1 à l'IndyCar - Statistiques

Statistiques générales
  • Ce quiz a été pris 25 fois
  • Le résultat moyen est 12 sur 37
Statistiques - réponses
Années F1 Pilote Equipes F1 Années IndyCar % Correct
2009, 2011-2020 Romain Grosjean Renault, Lotus, Haas 2021-2024
87%
2014-20202022-2024 Kevin Magnussen McLaren, Renault, Haas 2021
83%
2001, 2003-20182021- Fernando Alonso Minardi, Renault, McLaren,Ferrari, Alpine, Aston Martin 2017, 2019-2020
78%
2021-2022 Mick Schumacher Haas 2026
74%
2014-2018 Marcus Ericsson Caterham, Sauber 2019-
61%
2008-2009 Sébastien Bourdais Toro Rosso 2005, 2011-2021
61%
2013-2014, 2016 Esteban Gutierrez Sauber, Haas 2017
57%
2006-2007 Scott Speed Toro Rosso 2011
57%
2002-2008 Takuma Sato Jordan, BAR, Super Aguri 2010-2025
57%
1996-2006 Jacques Villeneuve Williams, BAR, Renault, Sauber, BMW Sauber 2014
52%
2020 Pietro Fittipaldi Haas 2018, 2021, 2024
52%
2015 Alexander Rossi Marussia 2016-
48%
2001-2006 Juan Pablo Montoya Williams, McLaren 2000, 2014-2017,2021-2022
48%
1993-2011 Rubens Barrichello Jordan, Stewart, Ferrari,Honda, Brawn, Williams 2012
48%
2006 Franck Montagny Super Aguri 2008-2009, 2014
43%
1993 Michael Andretti McLaren 2001-20032006-2007
43%
1989-2001 Jean Alesi Tyrrell, Ferrari, Benetton, Sauber, Prost, Jordan 2012
39%
2012-2014 Max Chilton Marussia 2016-2021
39%
2003-2005 Antônio Pizzonia Jaguar, Williams 2008
26%
2005-2006 Robert Doornbos Minardi, Red Bull 2009
22%
2004 Giorgio Pantano Jordan 2005, 2011-2012
17%
1989-2000 Johnny Herbert Benetton, Tyrrell, Lotus,Ligier, Sauber, Stewart, Jaguar 2002
17%
2001-2002 Enrique Bernoldi Arrows 2008
13%
2003 Justin Wilson Minardi, Jaguar 2008-2015
13%
1982, 1987,1989-1992, 1995 Roberto Moreno Lotus, AGS, Coloni, EuroBrun,Benetton, Jordan, Minardi, Andrea Moda, Forti 1999, 2006-2008
13%
2001 Tomas Enge Prost 2004-2006
13%
1998-1999 Toranosuke Takagi Tyrrell, Arrows 2003-2004
13%
1978, 1980-1989 Eddie Cheever Theodore, Hesketh, Osella, Tyrrell, Ligier, Renault, Alfa Romeo, Lola, Arrows 1996-2002, 2006
9%
1981-1994 Michele Alboreto Tyrrell, Ferrari, Larrousse,Arrows, Scuderia Italia, Minardi 1996-1997
9%
1997-1998 Shinji Nakano Prost, Minardi 2003
9%
1981-1983 Eliseo Salazar March, Ensign, ATS, RAM 1996-2002
4%
1994 Hideki Noda Larrousse 2002
4%
1995 Max Papis Arrows 2002, 2006, 2008
4%
1997 Vincenzo Sospiri Lola 1997
4%
1977-1978 Danny Ongais Penske, Ensign, Shadow 1996-1998
0%
1982-1983 Raul Boesel March, Ligier 1998-2002
0%
1982-1983 Roberto Guerrero Ensign, Theodore 1996-2001
0%
Aucun quiz correspondant
Distribution des résultats
% des personnes avec chaque résultat
Percentile par nombre de réponses
Votre historique - résultats
Vous n’avez pas pris ce quiz